000 00512nam a2200169Ia 4500
008 240729s9999 xx 000 0 und d
022 _a2612-0496
245 0 _aEuropean Journal of Creative Practices in Cities and Landscapes
260 _aItaly
260 _bUniversity of Bologna
650 _a Aesthetics of cities. City planning and beautifying
650 _a Architecture
650 _aFine Arts
856 _uhttps://doaj.org/toc/5e094d94ec084ff8995da1fe6629f417
942 _2ddc
942 _cDOAJEJ
999 _c69569
_d69569
945 _a1
_bMadushi Gamage
_c1
_dMadushi Gamage